The mystery of Chaco Canyon

This film examines the deep enigmas presented by the massive prehistoric remains found in Chaco Canyon in New Mexico. The film reveals that between 850 and 1150 AD, the Chacoan people constructed massive ceremonial buildings in a complex celestial pattern throughout a vast desert region. Aerial and...

Full description

Saved in:
Bibliographic Details
Corporate Authors: Solstice Project., Bullfrog Films.
Other Authors: Sofaer, Anna., Dibble, Matt., Redford, Robert.
Format: Slide
Language:English
Published: [Oley, PA : Bullfrog Films], c1999.
Subjects:
Tags: Add Tag
No Tags, Be the first to tag this record!
LEADER 02265ngm a2200469Ia 4500
001 008564196-0
005 20080814153534.0
008 010209s1999 xxu056 ||||| |vleng d
020 |a 1560298138 
035 0 |a ocm43025243 
040 |a CUY  |c CUY  |d LML 
043 |a n-us-nm 
090 |a E99.P9  |b M97 1999 
245 0 4 |a The mystery of Chaco Canyon  |h [videorecording] /  |c a production of the Solstice Project ; produced and directed by Anna Sofaer ; written by Anna Sofaer and Matt Dibble. 
246 3 0 |a Chaco Canyon 
260 |a [Oley, PA :  |b Bullfrog Films],  |c c1999. 
300 |a 1 videocassette (56 min.) :  |b sd., col. ;  |c 1/2 in. 
500 |a Documentary. 
546 |a Closed-captioned for the hearing impaired. 
511 0 |a Narrated by Robert Redford. 
508 |a Cinematographers, Steve Bannister ... [et al.] ; editor, Matt Dibble ; music, Michael Stearns. 
538 |a VHS. 
521 |a Grades 7-12 through college/adult. 
520 |a This film examines the deep enigmas presented by the massive prehistoric remains found in Chaco Canyon in New Mexico. The film reveals that between 850 and 1150 AD, the Chacoan people constructed massive ceremonial buildings in a complex celestial pattern throughout a vast desert region. Aerial and time lapse footage and computer modeling show how the Chacoan culture designed, oriented and located these buildings in relationship to the sun and moon. Pueblo Indians, descendants of the Chacoan people, also speak of the significnce of Chaco to the Pueblo world today. 
655 7 |a Videotapes.  |2 local 
650 0 |a Archaeology  |z New Mexico  |z Chaco Canyon  |x History. 
650 0 |a Excavations (Archaeology)  |z New Mexico  |z Chaco Canyon. 
650 0 |a Pueblo Indians  |z New Mexico  |z Chaco Canyon  |x Antiquities. 
650 0 |a Pueblo Indians  |z New Mexico  |v Interviews. 
650 0 |a Chaco culture. 
650 0 |a Indian astronomy  |z New Mexico. 
651 0 |a Chaco Canyon (N.M.)  |x Antiquities. 
650 0 |a Video recordings for the hearing impaired. 
655 7 |a Videotapes.  |2 local 
655 0 |a Documentary videos. 
700 1 |a Sofaer, Anna. 
700 1 |a Dibble, Matt. 
700 1 |a Redford, Robert. 
710 2 |a Solstice Project. 
710 2 |a Bullfrog Films. 
988 |a 20020608 
906 |0 OCLC